Statystyki dla Przyporządkuj bitwę do państwa

Kliknij tutaj aby rozwiązać quiz!

Ogólne statystyki

  • Ten quiz został rozwiązany 2 205 razy
  • Średni wynik to 9 z 20

Statystyki odpowiedzi

BitwaRokPaństwo% Poprawnych
Stalingrad1942-43Rosja
95%
Termopile480 p.n.eGrecja
78%
Điện Biên Phủ1954Wietnam
70%
Iwo Jima1945Japonia
67%
Waterloo1815Belgia
64%
Półwysep Jutlandzki1916Dania
59%
El Alamein1942Egipt
58%
Faludzą2004Irak
52%
Inczhon1950Korea Południowa
47%
Gallipoli1915-16Turcja
47%
Hastings1066Wielka Brytania
44%
Las Teutoburski9 n.e.Niemcy
41%
Austerlitz1805Czechy
35%
Kanny216 p.n.eWłochy
34%
Trafalgar1805Hiszpania
30%
Azincourt1415Francja
29%
Zatoka Leyte1944Filipiny
23%
San Juan1898Kuba
21%
Antietam1862Stany Zjednoczone
18%
Guadalcanal1942-43Wyspy Salomona
17%

Rozkład punktacji

Percentyl według liczby udzielonych odpowiedzi

Procent ludzi z każdym wynikiem

Twoja historia wyników

Nie rozwiązałeś tego quizu